000 00228nam a2200097Ia 4500
008 170619s9999 xx 000 0 und d
100 _aVohra N D
245 0 _aQuantitative tech. In management
260 _bMc Graw Hill
260 _c2002
546 _aENGLISH
999 _c18024
_d18024